[Event "43rd Guernsey International Open"]
[Site "?"]
[Date "2017.10.20"]
[Round "6"]
[White "Hillarp Persson, Tiger"]
[Black "Jackson, Oliver A"]
[Result "1-0"]
[WhiteElo "2517"]
[BlackElo "2168"]
[PlyCount "67"]
[EventDate "2017.10.15"]
[EventType "swiss"]
[EventRounds "7"]
[SourceDate "2017.11.01"]
[SourceVersionDate "2017.11.01"]

1. c4 e5 2. Nc3 Nc6 3. g3 f5 4. Nf3 Nf6 5. d4 e4 6. Nh4 d6 7. f3 Be7 8. Bh3
exf3 9. exf3 f4 10. Bxc8 Qxc8 11. Bxf4 Qe6+ 12. Qe2 Nxd4 13. Qxe6 Nxe6 14. Ng2
Kd7 15. Be3 b6 16. O-O-O Rae8 17. Rhe1 Rhf8 18. Kc2 g5 19. b4 Nh5 20. Rf1 Rf7
21. c5 Kc6 22. b5+ Kb7 23. c6+ Kb8 24. a4 Ref8 25. Ne1 Nhg7 26. Nd5 Nf5 27. Bg1
Bf6 28. Kb3 Bd4 29. Bxd4 Nfxd4+ 30. Kc4 Nxf3 31. Rxf3 Rxf3 32. Nxf3 Rxf3 33.
Re1 a5 34. Rxe6 1-0

[Event "43rd Guernsey International Open"]
[Site "?"]
[Date "2017.10.20"]
[Round "6"]
[White "Whatley, Stephen AJ"]
[Black "Enkhtuul, Altan Ulzii"]
[Result "0-1"]
[WhiteElo "2159"]
[BlackElo "2327"]
[PlyCount "130"]
[EventDate "2017.10.15"]
[EventType "swiss"]
[EventRounds "7"]
[SourceDate "2017.11.01"]
[SourceVersionDate "2017.11.01"]

1. e4 Nf6 2. e5 Nd5 3. d4 d6 4. Nf3 Bg4 5. Be2 e6 6. h3 Bh5 7. c4 Nb6 8. exd6
cxd6 9. O-O Be7 10. Nc3 O-O 11. Be3 N8d7 12. b4 Bxf3 13. gxf3 Nf6 14. a4 Qc8
15. Qb3 Nbd7 16. a5 e5 17. f4 exd4 18. Bxd4 Nb8 19. Bxf6 Bxf6 20. Nd5 Bd8 21.
Bg4 f5 22. Bf3 Kh8 23. Rfd1 Nc6 24. Ra2 Qe6 25. a6 Rb8 26. Nc3 Qg6+ 27. Kh2 Bb6
28. Ne2 Bxf2 29. axb7 Nd8 30. Ra6 Nxb7 31. Bxb7 Rxb7 32. Qf3 Rb6 33. Ra2 Bh4
34. b5 Qf7 35. Qd5 Qe7 36. Nd4 Qe3 37. Qf3 Qxf3 38. Nxf3 Bf6 39. Rxa7 Rc8 40.
Nd4 h6 41. Nc6 Rbxc6 42. bxc6 Rxc6 43. Rc1 Bd4 44. Re7 Kh7 45. Rc2 Kg6 46. Rg2+
Kh5 47. Rf7 g6 48. Rc2 Ra6 49. Re7 Ra3 50. Rce2 Kh4 51. R2e6 Rxh3+ 52. Kg2 Rg3+
53. Kh2 Bg1+ 54. Kh1 Kh5 55. Rg7 Bc5 56. Re2 Rg1+ 57. Kh2 g5 58. Re6 Rf1 59.
fxg5 hxg5 60. Reg6 Be3 61. Rxd6 Rc1 62. Rc6 Kg4 63. Rb7 Rc2+ 64. Kh1 Kg3 65.
Rb1 Rh2# 0-1

[Event "43rd Guernsey International Open"]
[Site "?"]
[Date "2017.10.20"]
[Round "6"]
[White "Hoogland, Dirk"]
[Black "Bowmer, Kevin"]
[Result "1-0"]
[WhiteElo "2098"]
[BlackElo "2041"]
[PlyCount "81"]
[EventDate "2017.10.15"]
[EventType "swiss"]
[EventRounds "7"]
[SourceDate "2017.11.01"]
[SourceVersionDate "2017.11.01"]

1. c4 g6 2. g3 Bg7 3. Nc3 c5 4. Bg2 Nc6 5. e4 d6 6. Nge2 e5 7. O-O Nge7 8. d3
O-O 9. a3 a6 10. Rb1 Rb8 11. b4 cxb4 12. axb4 b5 13. cxb5 axb5 14. Be3 Nd4 15.
Qd2 Be6 16. f4 Qd7 17. Bf2 Nxe2+ 18. Nxe2 Rfc8 19. Rfc1 Ra8 20. Rxc8+ Rxc8 21.
Rc1 Rxc1+ 22. Qxc1 Qc6 23. Qb1 Qc7 24. fxe5 dxe5 25. Bc5 Bh6 26. Qa1 Bf8 27.
Nc3 Nc8 28. Qa3 Qd7 29. Nd5 Bxd5 30. exd5 Bd6 31. Qa8 Kg7 32. Qa6 Kf8 33. Qa1
f6 34. Qa6 Kf7 35. d4 exd4 36. Bxd4 Be7 37. Bc5 Bd6 38. Qa8 Qc7 39. Qa3 Qe7 40.
Qc1 Kg7 41. Bh3 1-0

[Event "43rd Guernsey International Open"]
[Site "?"]
[Date "2017.10.20"]
[Round "6"]
[White "Wager, John D"]
[Black "Mack, Wolfgang"]
[Result "0-1"]
[WhiteElo "2025"]
[BlackElo "2149"]
[PlyCount "44"]
[EventDate "2017.10.15"]
[EventType "swiss"]
[EventRounds "7"]
[SourceDate "2017.11.01"]
[SourceVersionDate "2017.11.01"]

1. Nf3 g6 2. g3 Bg7 3. Bg2 e5 4. d3 d6 5. c4 Ne7 6. Nc3 O-O 7. Bd2 h6 8. Qc1
Kh7 9. O-O Nd7 10. b4 f5 11. e4 Nf6 12. a4 g5 13. exf5 Bxf5 14. Ne4 Ng6 15. Bc3
c6 16. Qb2 Nh5 17. Qe2 Kh8 18. Nxe5 Ngf4 19. gxf4 Nxf4 20. Qb2 dxe5 21. Bxe5
Rf7 22. Nd6 Qxd6 0-1

[Event "43rd Guernsey International Open"]
[Site "?"]
[Date "2017.10.20"]
[Round "6"]
[White "Sedgwick, David R"]
[Black "Dilleigh, Stephen P"]
[Result "1/2-1/2"]
[WhiteElo "1972"]
[BlackElo "2063"]
[PlyCount "41"]
[EventDate "2017.10.15"]
[EventType "swiss"]
[EventRounds "7"]
[SourceDate "2017.11.01"]
[SourceVersionDate "2017.11.01"]

1. e4 e6 2. d4 d5 3. exd5 exd5 4. c4 Nf6 5. Nc3 Bb4 6. Bd3 O-O 7. Nge2 dxc4 8.
Bxc4 Nbd7 9. O-O Nb6 10. Bb3 Be7 11. Ng3 c6 12. Bg5 h6 13. Be3 Nbd5 14. Nxd5
Nxd5 15. Qf3 Be6 16. Nf5 Bg5 17. Bxd5 Bxd5 18. Qg3 Qf6 19. f4 Qxf5 20. fxg5 Qg6
21. gxh6 1/2-1/2

[Event "43rd Guernsey International Open"]
[Site "?"]
[Date "2017.10.20"]
[Round "6"]
[White "Maloberti, David"]
[Black "Munshi, Aditya"]
[Result "1/2-1/2"]
[WhiteElo "2132"]
[BlackElo "1986"]
[PlyCount "82"]
[EventDate "2017.10.15"]
[EventType "swiss"]
[EventRounds "7"]
[SourceDate "2017.11.01"]
[SourceVersionDate "2017.11.01"]

1. d4 Nf6 2. c4 e6 3. Nf3 b6 4. Nc3 Bb4 5. Qc2 Bb7 6. a3 Bxc3+ 7. Qxc3 h6 8. e3
d6 9. Bd3 Nbd7 10. O-O O-O 11. Rd1 c5 12. b4 Qc7 13. dxc5 bxc5 14. Bb2 e5 15.
Nd2 Rfe8 16. e4 Rab8 17. b5 Nf8 18. f3 Ne6 19. Nf1 Nh5 20. Qd2 Nhf4 21. Ne3 g6
22. Nd5 Bxd5 23. exd5 Nxd3 24. Qxd3 Nd4 25. a4 f5 26. Re1 Qf7 27. a5 Kh7 28.
Bxd4 cxd4 29. f4 Qf6 30. fxe5 Rxe5 31. Rxe5 dxe5 32. c5 e4 33. Qc4 d3 34. Rb1
d2 35. d6 Rxb5 36. Qxb5 Qd4+ 37. Kf1 d1=Q+ 38. Rxd1 Qxd1+ 39. Kf2 Qd2+ 40. Kf1
Qd1+ 41. Kf2 Qd2+ 1/2-1/2

[Event "43rd Guernsey International Open"]
[Site "?"]
[Date "2017.10.20"]
[Round "6"]
[White "Timmermans, Ivo"]
[Black "Vorstermans, Peter"]
[Result "1/2-1/2"]
[WhiteElo "2126"]
[BlackElo "2007"]
[PlyCount "38"]
[EventDate "2017.10.15"]
[EventType "swiss"]
[EventRounds "7"]
[SourceDate "2017.11.01"]
[SourceVersionDate "2017.11.01"]

1. d4 f5 2. g3 Nf6 3. Bg2 g6 4. c3 Bg7 5. Qb3 c6 6. Nh3 Qb6 7. Qc2 d6 8. Nd2
Be6 9. Nf4 Bf7 10. Nf3 Ne4 11. Be3 Qc7 12. h4 e5 13. dxe5 dxe5 14. Nd3 Nd7 15.
a4 h6 16. a5 Nd6 17. Nd2 e4 18. Nf4 Ne5 19. f3 Nec4 1/2-1/2

[Event "43rd Guernsey International Open"]
[Site "?"]
[Date "2017.10.20"]
[Round "6"]
[White "Reijneveld, Ad"]
[Black "Kozlowski, Thierry"]
[Result "1-0"]
[WhiteElo "2078"]
[BlackElo "2002"]
[PlyCount "81"]
[EventDate "2017.10.15"]
[EventType "swiss"]
[EventRounds "7"]
[SourceDate "2017.11.01"]
[SourceVersionDate "2017.11.01"]

1. e4 c5 2. Nf3 Nc6 3. Bb5 g6 4. O-O Bg7 5. c3 Qb6 6. a4 Nf6 7. e5 Nd5 8. d4
cxd4 9. cxd4 O-O 10. Nc3 Nxc3 11. bxc3 a6 12. Bc4 d6 13. exd6 exd6 14. Bf4 Ne7
15. Re1 d5 16. Ba2 Be6 17. Qd2 Rfc8 18. Ng5 Rc6 19. Rab1 Qa7 20. Rb3 b6 21.
Nxe6 fxe6 22. Bb1 Rf8 23. Bd3 Nf5 24. h3 a5 25. Bh2 Qf7 26. Reb1 Nxd4 27. cxd4
Bxd4 28. Bg3 e5 29. Kh2 Rf6 30. f3 Qd7 31. Rb5 Rxf3 32. gxf3 Rxf3 33. Rf1 Be3
34. Qe2 Rxf1 35. Qxf1 e4 36. Rxd5 Qe7 37. Bc4 Kg7 38. Be5+ Kh6 39. Bf4+ Bxf4+
40. Qxf4+ Kg7 41. Qe5+ 1-0

[Event "43rd Guernsey International Open"]
[Site "?"]
[Date "2017.10.20"]
[Round "6"]
[White "Hamperl, Fred"]
[Black "Sielicki, Tomasz"]
[Result "1-0"]
[WhiteElo "2062"]
[BlackElo "1997"]
[PlyCount "101"]
[EventDate "2017.10.15"]
[EventType "swiss"]
[EventRounds "7"]
[SourceDate "2017.11.01"]
[SourceVersionDate "2017.11.01"]

1. e4 e5 2. Nf3 Nc6 3. d4 exd4 4. Nxd4 Nf6 5. Nxc6 bxc6 6. Bd3 d5 7. exd5 cxd5
8. O-O Be7 9. c4 O-O 10. cxd5 Bb7 11. Nc3 Nxd5 12. Bd2 Nb4 13. Be4 Bxe4 14.
Nxe4 Rb8 15. Bc3 f5 16. Ng3 g6 17. Qe2 Rf7 18. Rfd1 Qc8 19. Qc4 Rb6 20. a3 Rc6
21. Qb5 Rb6 22. Qa4 Na6 23. Rd5 Bf6 24. Re1 Re6 25. Red1 Qb7 26. Bxf6 Rexf6 27.
Rd8+ Kg7 28. R1d7 Qb6 29. Rxf7+ Rxf7 30. Rd7 Qe6 31. Qd4+ Qf6 32. Rxf7+ Kxf7
33. Qxa7 Qc6 34. Qd4 Qe6 35. h3 c5 36. Qc3 c4 37. Nf1 Nc5 38. Ne3 Na4 39. Qb4
Nb6 40. a4 f4 41. Ng4 h5 42. Ne5+ Qxe5 43. Qxb6 Kg7 44. a5 f3 45. a6 fxg2 46.
Qb7+ Kh6 47. a7 c3 48. bxc3 Qxc3 49. a8=Q Qe1+ 50. Kxg2 Qe5 51. Qf3 1-0

[Event "43rd Guernsey International Open"]
[Site "?"]
[Date "2017.10.20"]
[Round "6"]
[White "Van Dijk, Bram"]
[Black "Purdon, Colin"]
[Result "1/2-1/2"]
[WhiteElo "1999"]
[BlackElo "2047"]
[PlyCount "94"]
[EventDate "2017.10.15"]
[EventType "swiss"]
[EventRounds "7"]
[SourceDate "2017.11.01"]
[SourceVersionDate "2017.11.01"]

1. e4 c6 2. d4 d5 3. exd5 cxd5 4. Bd3 Nc6 5. c3 Qc7 6. Ne2 Bg4 7. f3 Bd7 8. Bf4
e5 9. dxe5 Nxe5 10. O-O Bd6 11. Bxe5 Bxe5 12. f4 Bd6 13. Nd4 O-O-O 14. g3 Nf6
15. Qb3 h5 16. Na3 Bc5 17. Qc2 h4 18. b4 Bb6 19. Qb2 hxg3 20. hxg3 Rh3 21. Kg2
Ne4 22. Bxe4 dxe4 23. Rh1 Rdh8 24. Nab5 Qb8 25. a4 a6 26. a5 Bxd4 27. Nxd4 Qd6
28. Rxh3 Rxh3 29. Qe2 Qh6 30. Qxe4 Rh2+ 31. Kg1 Qh3 32. Qf3 Bg4 33. Qxg4+ Qxg4
34. Kxh2 Qh5+ 35. Kg2 Qd5+ 36. Kf2 Qc4 37. Rc1 Qd3 38. Rc2 Kd7 39. Kg2 Kd6 40.
Kh3 Kd5 41. Kg2 Kc4 42. Kf2 Qd1 43. Ke3 Qg1+ 44. Kf3 Kd3 45. f5 f6 46. Kg4 Qd1+
47. Kh4 Qh1+ 1/2-1/2

[Event "43rd Guernsey International Open"]
[Site "?"]
[Date "2017.10.20"]
[Round "6"]
[White "Campbell, Ian"]
[Black "Kraft, Karl Heinz"]
[Result "0-1"]
[WhiteElo "1990"]
[BlackElo "2036"]
[PlyCount "116"]
[EventDate "2017.10.15"]
[EventType "swiss"]
[EventRounds "7"]
[SourceDate "2017.11.01"]
[SourceVersionDate "2017.11.01"]

1. d4 f5 2. c4 Nf6 3. e3 d6 4. f4 g6 5. Nf3 Bg7 6. Nc3 O-O 7. Be2 c6 8. O-O Qe8
9. Qb3 h6 10. c5+ Kh7 11. Qa3 Ne4 12. cxd6 exd6 13. Nxe4 fxe4 14. Nd2 d5 15. b4
Nd7 16. Qb3 Nf6 17. h3 Be6 18. Bb2 Qd7 19. Rf2 h5 20. Raf1 h4 21. Qd1 Rf7 22.
Nb3 b6 23. Bc1 Bf8 24. a3 Bd6 25. Bd2 Kg7 26. a4 Rh8 27. b5 cxb5 28. Bxb5 Qc8
29. Qe2 Nh5 30. Rc1 Ng3 31. Qd1 Rc7 32. Rxc7+ Qxc7 33. Be1 Nf5 34. Rc2 Qb8 35.
Qc1 Rf8 36. Bf2 Rc8 37. Rxc8 Qxc8 38. Qc6 Qxc6 39. Bxc6 Bb4 40. Kf1 Kf7 41. Ke2
Ke7 42. Na1 Kd8 43. Nc2 Be7 44. Be1 a5 45. Kd2 Ng7 46. g4 hxg3 47. Bxg3 Nh5 48.
Bf2 Nf6 49. Bh4 Kc7 50. Bb5 Bxh3 51. Kc3 Bd7 52. Bxd7 Kxd7 53. Be1 Ng4 54. Bd2
Kc6 55. Kb3 Nh2 56. Na3 Bxa3 57. Kxa3 Nf1 58. Bc1 b5 0-1

[Event "43rd Guernsey International Open"]
[Site "?"]
[Date "2017.10.20"]
[Round "6"]
[White "Hewson, Brian WR"]
[Black "Havenaar, Jan"]
[Result "1/2-1/2"]
[WhiteElo "1995"]
[BlackElo "2030"]
[PlyCount "123"]
[EventDate "2017.10.15"]
[EventType "swiss"]
[EventRounds "7"]
[SourceDate "2017.11.01"]
[SourceVersionDate "2017.11.01"]

1. d4 Nf6 2. Nf3 e6 3. c4 b6 4. g3 Ba6 5. Qc2 Bb7 6. Nc3 c5 7. dxc5 Bxc5 8. Bg2
Nc6 9. O-O O-O 10. a3 Rc8 11. Rd1 Ng4 12. Ne4 f5 13. Nxc5 bxc5 14. Qd2 Na5 15.
Qxd7 Qxd7 16. Rxd7 Nb3 17. Rxb7 Nxa1 18. Bf4 Rfd8 19. h3 Rd1+ 20. Bf1 Nf6 21.
Ng5 Rd7 22. Bg2 Rxb7 23. Bxb7 Rd8 24. Nxe6 Rd1+ 25. Kg2 Nb3 26. Be3 Rb1 27.
Nxc5 Rxb2 28. Bc8 g6 29. Be6+ Kg7 30. Nxb3 Rxb3 31. Bxa7 Rxa3 32. Bd4 Ra6 33.
Bd5 g5 34. e4 fxe4 35. Bxe4 h6 36. Bb7 Ra4 37. Bd5 Kg6 38. Bxf6 Kxf6 39. Kf3
Kf5 40. Be4+ Ke5 41. Bd5 h5 42. Bf7 Ra3+ 43. Kg2 h4 44. gxh4 gxh4 45. Bd5 Kf4
46. Kh2 Rc3 47. Kg2 Ke5 48. Kh2 Kd4 49. Kg2 Kc5 50. Be6 Kd4 51. Bd5 Ra3 52. Be6
Ra6 53. Bd5 Rf6 54. Kf1 Kd3 55. Ke1 Ra6 56. Kf1 Kd2 57. Be4 Ra1+ 58. Kg2 Rc1
59. Bd5 Rc3 60. Be6 Ke2 61. Bd5 Rc2 62. Be6 1/2-1/2

[Event "43rd Guernsey International Open"]
[Site "?"]
[Date "2017.10.20"]
[Round "6"]
[White "Prins, Jan"]
[Black "Fassaert, Desire JM"]
[Result "1/2-1/2"]
[WhiteElo "2025"]
[BlackElo "1923"]
[PlyCount "84"]
[EventDate "2017.10.15"]
[EventType "swiss"]
[EventRounds "7"]
[SourceDate "2017.11.01"]
[SourceVersionDate "2017.11.01"]

1. d4 Nf6 2. Nf3 e6 3. g3 d5 4. Bg2 Be7 5. O-O O-O 6. b3 b6 7. Ne5 Bb7 8. Nd2
c5 9. e3 Qc7 10. Bb2 cxd4 11. exd4 Nc6 12. Nxc6 Bxc6 13. Re1 Rac8 14. c3 Rfd8
15. Rc1 Bb7 16. Qe2 Bf8 17. a3 Bd6 18. a4 a5 19. Bh3 Ra8 20. Qe3 Qe7 21. Bf1
Ba6 22. c4 Bb4 23. c5 Bxf1 24. Kxf1 Ne4 25. Nxe4 Bxe1 26. cxb6 dxe4 27. Qxe1
Qb4 28. Rc5 Qxb6 29. Rb5 Qa6 30. Kg1 Rd5 31. Qxe4 Rad8 32. Rxd5 Rxd5 33. Qc2 g6
34. h4 h5 35. Qc7 Qd6 36. Qc8+ Qd8 37. Qc4 Kh7 38. f4 Qf8 39. Bc3 Qd8 40. Kf2
Qb6 41. Ke3 Qb7 42. Be1 Qd7 1/2-1/2

[Event "43rd Guernsey International Open"]
[Site "?"]
[Date "2017.10.20"]
[Round "6"]
[White "Bakker, Joop"]
[Black "Rosen, Daniel B"]
[Result "1/2-1/2"]
[WhiteElo "1853"]
[BlackElo "2042"]
[PlyCount "58"]
[EventDate "2017.10.15"]
[EventType "swiss"]
[EventRounds "7"]
[SourceDate "2017.11.01"]
[SourceVersionDate "2017.11.01"]

1. e4 g6 2. d4 d6 3. Nc3 Nf6 4. Be2 Bg7 5. h4 c5 6. dxc5 Qa5 7. Qd3 Qxc5 8. Be3
Qa5 9. Qb5+ Qxb5 10. Bxb5+ Nbd7 11. f3 a6 12. Ba4 O-O 13. O-O-O b5 14. Bb3 Bb7
15. Nd5 Nxd5 16. Bxd5 Bxd5 17. exd5 Rfc8 18. Ne2 Rc4 19. Kb1 Rac8 20. Rd2 Nf6
21. b3 R4c7 22. Bb6 Rb7 23. Be3 Kf8 24. Rhd1 Ke8 25. Rd3 Kd7 26. g4 Ne8 27. Bd4
Bxd4 28. Rxd4 Rbc7 29. c3 Nf6 1/2-1/2

[Event "43rd Guernsey International Open"]
[Site "?"]
[Date "2017.10.20"]
[Round "6"]
[White "Milnes, Anthony CP"]
[Black "Van den Boogaart, Jan Maarten"]
[Result "1/2-1/2"]
[WhiteElo "2041"]
[BlackElo "1991"]
[PlyCount "53"]
[EventDate "2017.10.15"]
[EventType "swiss"]
[EventRounds "7"]
[SourceDate "2017.11.01"]
[SourceVersionDate "2017.11.01"]

1. f4 d5 2. Nf3 Nf6 3. e3 Bg4 4. Be2 Nbd7 5. O-O c6 6. Ne5 Bxe2 7. Qxe2 e6 8.
b3 Bd6 9. Bb2 O-O 10. d3 Ne8 11. Nd2 f6 12. Nxd7 Qxd7 13. e4 Bc7 14. Rf3 Bb6+
15. Kh1 Nc7 16. a4 a5 17. Raf1 Rae8 18. Rh3 Bc5 19. Qh5 g6 20. Rg3 Qg7 21. Qe2
Bd6 22. Rgf3 Qd7 23. e5 fxe5 24. fxe5 Be7 25. Qf2 Rxf3 26. Nxf3 c5 27. Qd2
1/2-1/2

[Event "43rd Guernsey International Open"]
[Site "?"]
[Date "2017.10.20"]
[Round "6"]
[White "Heppell, Ian N"]
[Black "Van Gils, Martin"]
[Result "1/2-1/2"]
[WhiteElo "2034"]
[BlackElo "1978"]
[PlyCount "34"]
[EventDate "2017.10.15"]
[EventType "swiss"]
[EventRounds "7"]
[SourceDate "2017.11.01"]
[SourceVersionDate "2017.11.01"]

1. e4 d5 2. exd5 Nf6 3. c4 e6 4. d4 exd5 5. Nc3 Nc6 6. Nf3 Bg4 7. Be3 Qd7 8.
Be2 dxc4 9. O-O O-O-O 10. Bxc4 Bd6 11. Rc1 Qf5 12. Be2 Rhe8 13. Nb5 Bxf3 14.
Nxd6+ Rxd6 15. Bxf3 Ne5 16. Be2 Neg4 17. Qb3 Nxe3 1/2-1/2

[Event "43rd Guernsey International Open"]
[Site "?"]
[Date "2017.10.20"]
[Round "6"]
[White "Canonne, Antoine"]
[Black "Taylor, Mark V"]
[Result "1/2-1/2"]
[WhiteElo "1893"]
[BlackElo "2015"]
[PlyCount "39"]
[EventDate "2017.10.15"]
[EventType "swiss"]
[EventRounds "7"]
[SourceDate "2017.11.01"]
[SourceVersionDate "2017.11.01"]

1. e4 e6 2. d4 d5 3. Nd2 Nc6 4. Ngf3 Nf6 5. e5 Nd7 6. c3 f6 7. Bb5 fxe5 8. dxe5
Be7 9. Qe2 O-O 10. O-O Qe8 11. Re1 Nd8 12. Nf1 a6 13. Ba4 c5 14. Bc2 c4 15. Ng5
Bxg5 16. Bxg5 Nc6 17. f4 Rf7 18. Qg4 Nf8 19. Ng3 Ne7 20. Bxe7 1/2-1/2

[Event "43rd Guernsey International Open"]
[Site "?"]
[Date "2017.10.20"]
[Round "6"]
[White "Thurlow, Kevin J"]
[Black "Ingham, H William"]
[Result "1-0"]
[WhiteElo "2009"]
[BlackElo "1817"]
[PlyCount "69"]
[EventDate "2017.10.15"]
[EventType "swiss"]
[EventRounds "7"]
[SourceDate "2017.11.01"]
[SourceVersionDate "2017.11.01"]

1. Nf3 Nf6 2. b3 d6 3. Bb2 e5 4. c4 Be7 5. e3 c6 6. Nc3 O-O 7. Qc2 Nbd7 8. d4
a6 9. Bd3 Re8 10. O-O Bf8 11. Rad1 Qc7 12. a4 a5 13. h3 g6 14. Ba3 e4 15. Nxe4
Nxe4 16. Bxe4 d5 17. cxd5 Nf6 18. d6 Bxd6 19. Bxd6 Qxd6 20. Bd3 Be6 21. Ng5
Rad8 22. Bc4 Bd5 23. Rfe1 Ne4 24. Nxe4 Bxe4 25. Qc3 b6 26. Rc1 Re7 27. Be2 Re6
28. Red1 Rde8 29. f3 Bf5 30. e4 Qg3 31. Qe1 Qg5 32. h4 Qe3+ 33. Qf2 Qxb3 34.
Bc4 Qxa4 35. exf5 1-0

[Event "43rd Guernsey International Open"]
[Site "?"]
[Date "2017.10.20"]
[Round "6"]
[White "De Kruif, Kees"]
[Black "Shaw, Meyrick"]
[Result "1-0"]
[WhiteElo "1993"]
[BlackElo "1954"]
[PlyCount "71"]
[EventDate "2017.10.15"]
[EventType "swiss"]
[EventRounds "7"]
[SourceDate "2017.11.01"]
[SourceVersionDate "2017.11.01"]

1. c4 e5 2. g3 Nc6 3. Bg2 g6 4. d3 d6 5. Nc3 Bg7 6. e4 Nge7 7. Nge2 Be6 8. O-O
Qd7 9. Rb1 f5 10. Nd5 O-O 11. f4 Rf7 12. b3 Raf8 13. Bb2 Kh8 14. Qd2 Ng8 15.
exf5 Bxf5 16. Rbd1 Nd8 17. Ne3 Bh3 18. d4 Bxg2 19. Kxg2 exf4 20. Nxf4 Ne6 21.
Ne2 Ng5 22. Rxf7 Qh3+ 23. Kh1 Rxf7 24. Nf4 Qc8 25. d5 Be5 26. Rf1 Qf8 27. Ng4
Qg7 28. Nxe5 dxe5 29. Qe2 Re7 30. Ne6 Nxe6 31. Bxe5 Qxe5 32. Qxe5+ Ng7 33. Qd4
a6 34. c5 h6 35. d6 cxd6 36. cxd6 1-0

[Event "43rd Guernsey International Open"]
[Site "?"]
[Date "2017.10.20"]
[Round "6"]
[White "Prill, Gerhard"]
[Black "Goris, Ton"]
[Result "1-0"]
[WhiteElo "1948"]
[BlackElo "2006"]
[PlyCount "57"]
[EventDate "2017.10.15"]
[EventType "swiss"]
[EventRounds "7"]
[SourceDate "2017.11.01"]
[SourceVersionDate "2017.11.01"]

1. e4 e6 2. d4 d5 3. Nc3 Bb4 4. e5 c5 5. a3 Ba5 6. b4 cxd4 7. Nb5 Bc7 8. f4 Nc6
9. Nf3 Nge7 10. Nbxd4 Nxd4 11. Nxd4 O-O 12. Bb2 Bd7 13. Bd3 Ng6 14. Ne2 Qh4+
15. g3 Qg4 16. Qd2 a5 17. b5 a4 18. O-O-O Ba5 19. Qe3 Rfc8 20. h3 Qh5 21. Rdg1
Ne7 22. Qf2 g6 23. h4 Qh6 24. h5 Qf8 25. hxg6 fxg6 26. g4 Qf7 27. Rh6 Rf8 28.
Rgh1 Qg7 29. Rxh7 1-0

[Event "43rd Guernsey International Open"]
[Site "?"]
[Date "2017.10.20"]
[Round "6"]
[White "Collier, David O"]
[Black "Minnema, Rens"]
[Result "1-0"]
[WhiteElo "2015"]
[BlackElo "1892"]
[PlyCount "105"]
[EventDate "2017.10.15"]
[EventType "swiss"]
[EventRounds "7"]
[SourceDate "2017.11.01"]
[SourceVersionDate "2017.11.01"]

1. d4 d6 2. Bf4 Nf6 3. e3 g6 4. h3 Bg7 5. Nf3 O-O 6. Be2 c5 7. c3 cxd4 8. exd4
Nd5 9. Bh2 Bh6 10. Nbd2 Nf4 11. Bxf4 Bxf4 12. O-O Bf5 13. Re1 Nc6 14. Bf1 Rc8
15. Nb3 Re8 16. g3 Bh6 17. d5 Na5 18. Qd4 Nxb3 19. axb3 a6 20. b4 Bg7 21. Qd2
Qb6 22. Qe3 Qxe3 23. Rxe3 Bh6 24. Ree1 Bg7 25. b5 axb5 26. Bxb5 Red8 27. Rxe7
Bxh3 28. Rxb7 Ra8 29. Rxa8 Rxa8 30. Ng5 Bc8 31. Rb6 Ra1+ 32. Kg2 Bf5 33. Rb8+
Bf8 34. Be2 h6 35. Nh7 Kxh7 36. Rxf8 Kg7 37. Rb8 Rc1 38. Rb6 Rc2 39. Bf3 Kf8
40. Rxd6 Rxb2 41. Rc6 Bd7 42. Rc7 Ke7 43. Ra7 Rc2 44. Bd1 Rd2 45. Bb3 Kd6 46.
c4 Be8 47. Ra5 Rd3 48. c5+ Ke5 49. Ba2 g5 50. Ra7 Kf6 51. c6 Rc3 52. Ra8 Rxc6
53. Rxe8 1-0

[Event "43rd Guernsey International Open"]
[Site "?"]
[Date "2017.10.20"]
[Round "6"]
[White "Boerkamp, Harry"]
[Black "Dijksterhuis, Rolf"]
[Result "1/2-1/2"]
[WhiteElo "1896"]
[BlackElo "1955"]
[PlyCount "91"]
[EventDate "2017.10.15"]
[EventType "swiss"]
[EventRounds "7"]
[SourceDate "2017.11.01"]
[SourceVersionDate "2017.11.01"]

1. e4 e5 2. Nf3 Nc6 3. Bc4 Nf6 4. d4 Nxe4 5. dxe5 Nc5 6. O-O Be7 7. Nc3 O-O 8.
Qe2 d6 9. Rd1 Bg4 10. Bf4 Ne6 11. Bg3 Ned4 12. Qe4 Bxf3 13. gxf3 dxe5 14. Bd5
Bd6 15. Bxc6 Nxc6 16. f4 Qe8 17. fxe5 Bxe5 18. Bxe5 Qxe5 19. Qxe5 Nxe5 20. Rd5
f6 21. Rad1 g5 22. Kg2 Kg7 23. Ne4 Rae8 24. Nc5 b6 25. Nd7 Nxd7 26. Rxd7+ Rf7
27. Kf3 f5 28. R1d5 Ref8 29. b4 Rxd7 30. Rxd7+ Rf7 31. Rd8 Kf6 32. b5 Ke5 33.
Ra8 h5 34. Rxa7 Rd7 35. a4 f4 36. a5 g4+ 37. Ke2 bxa5 38. b6 Rd6 39. Rxa5+ Ke4
40. Ra4+ Ke5 41. bxc7 Rc6 42. Kd3 Rxc7 43. Ra5+ Kf6 44. Rxh5 Rd7+ 45. Kc3 Rd1
46. Rh8 1/2-1/2

[Event "43rd Guernsey International Open"]
[Site "?"]
[Date "2017.10.20"]
[Round "6"]
[White "Cook, Chris"]
[Black "Marley, Andrew SG"]
[Result "0-1"]
[WhiteElo "1771"]
[BlackElo "1949"]
[PlyCount "72"]
[EventDate "2017.10.15"]
[EventType "swiss"]
[EventRounds "7"]
[SourceDate "2017.11.01"]
[SourceVersionDate "2017.11.01"]

1. d4 Nf6 2. c4 g6 3. e4 Nxe4 4. Nc3 Nxc3 5. bxc3 Bg7 6. Nf3 c5 7. Be2 O-O 8.
O-O Nc6 9. Rb1 d6 10. Be3 b6 11. Qd2 Ba6 12. Qb2 Qc7 13. Rfe1 e5 14. d5 Na5 15.
Nd2 f5 16. f3 Rae8 17. Bf1 Qd8 18. Rbd1 Qf6 19. Rc1 g5 20. Qc2 h5 21. Bd3 h4
22. Rf1 Rf7 23. Rce1 Ref8 24. Qc1 Bh6 25. f4 gxf4 26. Bxf4 Bxf4 27. Rxf4 exf4
28. Re6 Qg5 29. Nf3 Qg4 30. Qe1 h3 31. Nh4 Rg7 32. Rxd6 Bc8 33. Rh6 Qg5 34. Rd6
f3 35. Qf2 Qc1+ 36. Bf1 fxg2 0-1

[Event "43rd Guernsey International Open"]
[Site "?"]
[Date "2017.10.20"]
[Round "6"]
[White "Morcom, Huw"]
[Black "Boldt, Heinrich"]
[Result "1/2-1/2"]
[WhiteElo "1936"]
[BlackElo "1835"]
[PlyCount "34"]
[EventDate "2017.10.15"]
[EventType "swiss"]
[EventRounds "7"]
[SourceDate "2017.11.01"]
[SourceVersionDate "2017.11.01"]

1. e4 d6 2. d4 Nf6 3. Nd2 e5 4. c3 Nbd7 5. Ngf3 Be7 6. Bd3 c6 7. O-O O-O 8. Re1
Qc7 9. Nf1 h6 10. Ng3 Nh7 11. Nf5 Bf6 12. h3 Re8 13. Nh2 Bg5 14. Qf3 Ndf6 15.
h4 Bxc1 16. Raxc1 Bxf5 17. Qxf5 Qd7 1/2-1/2

[Event "43rd Guernsey International Open"]
[Site "?"]
[Date "2017.10.20"]
[Round "6"]
[White "Hawkins, James NH"]
[Black "Magnussen, Pal"]
[Result "1/2-1/2"]
[WhiteElo "1920"]
[BlackElo "1867"]
[PlyCount "75"]
[EventDate "2017.10.15"]
[EventType "swiss"]
[EventRounds "7"]
[SourceDate "2017.11.01"]
[SourceVersionDate "2017.11.01"]

1. c4 e5 2. Nc3 Nf6 3. g3 g6 4. Bg2 Bg7 5. e4 d6 6. d3 Nc6 7. Nge2 Be6 8. Nd5
Bxd5 9. cxd5 Ne7 10. O-O O-O 11. Bd2 c6 12. dxc6 bxc6 13. Bc3 c5 14. h3 Qb6 15.
Kh1 Nc6 16. f4 Nd4 17. Bxd4 cxd4 18. Qd2 Rab8 19. Rab1 a5 20. Rfc1 Rfc8 21.
Rxc8+ Rxc8 22. Rc1 Rb8 23. b3 Nd7 24. Qc2 Nc5 25. Qc4 Bh6 26. Rc2 Ne6 27. fxe5
dxe5 28. Bf3 Be3 29. Bg4 Nf8 30. h4 Qf6 31. Ng1 Qf1 32. Rg2 Rb6 33. Qc7 Rf6 34.
Qc2 h5 35. Be2 Qa1 36. Kh2 Bxg1+ 37. Rxg1 Rf2+ 38. Rg2 1/2-1/2